LEADER 01255nam0 2200313 450 001 000037119 005 20141013133334.0 010 $a84-7039-030-9 100 $a20140630d1972----km-y0itaa50------ba 101 0 $aspa 102 $aES 200 1 $aSueños y discursos$ede verdades descubridoras de abusos vicios y engaños en todos los oficios y estados del mundo$fFrancisco de Quevedo y Villegas$gedición, introducción y notas de Felipe C. R. Maldonado 205 $a3. ed 210 $aMadrid$cCastalia$d1972 215 $a250 p., [4] carte di tav.$cill.$d18 cm 225 2 $aClásicos Castalia$v50 410 0$12001$aClásicos Castalia$v50 676 $a863.3$v(22. ed.)$9Narrativa spagnola. Età aurea. 1516-1699 700 1$aQuevedo,$bFrancisco de$f<1580-1645>$0154070 702 1$aMaldonado,$bFelipe C. R. 801 0$aIT$bUniversità della Basilicata - B.I.A.$gREICAT$2unimarc 912 $a000037119 996 $aSueños y discursos$91529945 997 $aUNIBAS BAS $aLETTERE CAT $aEXT017$b01$c20140630$lBAS01$h0954 CAT $aEXT017$b01$c20141013$lBAS01$h1333 FMT Z30 -1$lBAS01$LBAS01$mBOOK$1BASA1$APolo Storico-Umanistico$2DSLF$BCollezione DiSLF$3DF/E242$6343$5F343$820140630$f04$FPrestabile Didattica LEADER 01163nam 2200373 450 001 9910511334603321 010 $a3-7369-4747-X 035 $a(CKB)4340000000197557 035 $a(MiAaPQ)EBC5019584 035 $a(EXLCZ)994340000000197557 100 $a20170928h20142014 uy 0 101 0 $aeng 135 $aurcnu|||||||| 181 $2rdacontent 182 $2rdamedia 183 $2rdacarrier 200 10$aAdiponectin in Cattle $eProfiling of molecular weight patterns in different body fluids at different physiological states and assessment of adiponectin's effects on lymphocytes /$fJohanna Heinz 210 1$aGo?ttingen, [Germany] :$cCuvillier Verlag,$d2014. 210 4$d©2014 215 $a1 online resource (137 pages) 311 $a3-95404-747-0 320 $aIncludes bibliographical references. 606 $aDairy cattle 608 $aElectronic books. 615 0$aDairy cattle. 676 $a636.2142 700 $aHeinz$b Johanna $01066682 801 0$bMiAaPQ 801 1$bMiAaPQ 801 2$bMiAaPQ 906 $aBOOK 912 $a9910511334603321 996 $aAdiponectin in Cattle$92549757 997 $aUNINA